| 000 | 00475nam a2200181Ia 4500 | ||
|---|---|---|---|
| 001 | 3549 | ||
| 005 | 20260306145651.0 | ||
| 008 | 260306t2015||||xx |||||||||||||| ||spa|| | ||
| 041 | _aESP | ||
| 082 |
_a286.854 _bG26 V. 2 |
||
| 100 |
_aGarreaud Indacochea, Emilio Julio _eAUT |
||
| 245 | 0 | _aLa acción social y política de los católicos arequipeños | |
| 260 | _c2015 | ||
| 300 |
_a185 páginas : _c24 cm. |
||
| 650 | _aGEN | ||
| 654 | _aCHU | ||
| 942 |
_cLIB _dJUS _fJUS _2ddc _n |
||
| 999 |
_c3549 _d3549 |
||